书目信息 |
| 题名: |
教育理论
|
|
| 作者: | ;全国成人高考命题研究组 编审 | |
| 分册: | 上册 招生考试教材 | |
| 出版信息: | 北京 中国对外经济贸易出版社 2000 |
|
| 页数: | 225页 | |
| 开本: | 19cm | |
| 丛书名: | ||
| 单 册: | ||
| 中图分类: | G40-01 | |
| 科图分类: | 38.103 | |
| 主题词: | 教育理论--师范学校--教材 | |
| 电子资源: | ||
| ISBN: | 7-80004-848-9 | |
| 000 | 00951nam2 2200265 45 | |
| 001 | 0193043114 | |
| 005 | 20070707171158.64 | |
| 010 | @a7-80004-848-9@dCNY40.00(共二册) | |
| 100 | @a19931013d2000 em y0chiy0121 ea | |
| 101 | 0 | @achi |
| 102 | @aCN@b110000 | |
| 105 | @ay z 000yy | |
| 200 | 10 | @a教育理论@AJIAO YU LI LUN@h上册@i招生考试教材@f全国成人高考命题研究组编审@Fquan guo cheng ren gao kao ming ti yan jiu zu bian shen |
| 210 | @a北京@c中国对外经济贸易出版社@d2000 | |
| 215 | @a225页@d19cm | |
| 300 | @a根据教育部最新考试大纲编写 | |
| 300 | @a最新全国成人高考(专升本)招生考试教材及全真模拟试卷(全国统考科目) | |
| 517 | 1 | @a招生考试教材@Azhao sheng kao shi jiao cai |
| 540 | 1 | @a教育@AJIAO YU |
| 606 | @a教育理论@x师范学校@x教材 | |
| 690 | @aG40-01@v三版 | |
| 692 | @a38.103 | |
| 711 | 02 | @a全国成人高考命题研究组@Aquan guo cheng ren gao kao ming ti yan jiu zu@4编审 |
| 801 | 0 | @aCN@bTSSF@c20070707 |
| 905 | @a10447@dG40-01@e389:1 | |
| 教育理论.上册.招生考试教材/全国成人高考命题研究组编审.-北京:中国对外经济贸易出版社,2000 |
| 225页;19cm |
| 根据教育部最新考试大纲编写.-最新全国成人高考(专升本)招生考试教材及全真模拟试卷(全国统考科目) |
| ISBN 7-80004-848-9:CNY40.00(共二册) |
| ● |
| 相关链接 |
|
|
|
|
正题名:教育理论
索取号:G40-01/389:1
 
预约/预借
| 序号 | 登录号 | 条形码 | 馆藏地/架位号 | 状态 | 备注 |
| 1 | 0766668 | 207666685 | 第一样本阅览室/ [索取号:G40-01/389:1] | 在馆 |